00750nam a2200217 i 450000100060000000300090000600500170001500700030003200800410003510000270007624500960010325000150019926000380021430000220025249000240027470000340029883000290033285200320036199900170039395201220041055161ES-MaACL20250829112151.0t|030915s1970 sp ||||1| spa d1 aDelmas, Claude.94354610aHistoria de la civilización europea / cpor Claude Delmas ; [traducción de Felipe Cid]. a[1ª ed.]. aBarcelona : bOikos-Tau, c[1970] a127 p. ; c18 cm.1 a¿Qué sé? ; v11 aCid, Felip,d1930-20159387580 a¿Qué sé?v19181382 aES-MaACLjC-42532 bR.73386 c55161d55161 00104070aATENEOMbATENEOMcDEPO2d2008-01-17eSCl0oC-42532p1057961r2023-02-23 00:00:00w2023-02-23yMONOGRAFIA